书目信息 |
| 题名: |
植物免疫化学实验法
|
|
| 作者: | 坂口进 著 | |
| 分册: | ||
| 出版信息: | 上海 上海人民出版社 1976 |
|
| 页数: | 112页 | |
| 开本: | 19cm | |
| 丛书名: | ||
| 单 册: | ||
| 中图分类: | S432.2-33 | |
| 科图分类: | ||
| 主题词: | 植物学:免疫学-化学实验 , 免疫学:植物学-化学实验 | |
| 电子资源: | ||
| ISBN: | 13171.149 | |
| 000 | 00710nam0 2200241 450 | |
| 001 | 0176001771 | |
| 005 | 20100712215141.0 | |
| 010 | @a13171.149@dCNY0.28 | |
| 091 | @a13171.149 | |
| 100 | @a19951027d1976 em y0chiy0110 ea | |
| 101 | 1 | @achi@cjpn |
| 102 | @aCN@b310000 | |
| 105 | @ay z 000yy | |
| 106 | @ar | |
| 200 | 1 | @a植物免疫化学实验法@9Zhi Wu Mian Yi Hua Xue Shi Yan Fa @f(日)坂口进著@g《植物免疫化学实验法》翻译小组译 |
| 210 | @a上海@c上海人民出版社@d1976 | |
| 215 | @a112页@d19cm | |
| 606 | 0 | @a植物学:免疫学-化学实验 |
| 606 | 0 | @a免疫学:植物学-化学实验 |
| 690 | @aS432.2-33@v3 | |
| 701 | 0 | @a坂口进@9ban kou jin@4著 |
| 801 | 0 | @aCN@bAzMarc@c20130904 |
| 905 | @aBZT@dS432.2@e2@f2@sS432.2/2 | |
| 植物免疫化学实验法/(日)坂口进著/《植物免疫化学实验法》翻译小组译.-上海:上海人民出版社,1976 |
| 112页;19cm |
| ISBN 13171.149:CNY0.28 |
| ● |
| 相关链接 |
|
|
|
正题名:植物免疫化学实验法
索取号:S432.2/2
 
预约/预借
| 序号 | 登录号 | 条形码 | 馆藏地/架位号 | 状态 | 备注 |
| 1 | 2000115432 | 2000115432 | 旧书回溯/ [索取号:S432.2/2] | 在馆 | |
| 2 | 2000115433 | 2000115433 | 旧书回溯/ [索取号:S432.2/2] | 在馆 |